[Event "DEM U10 2021"]
[Site "Willingen GER"]
[Date "2021.08.26"]
[Round "7"]
[White "Rau, Eduard"]
[Black "Polzin, Gustav"]
[Result "0-1"]
[Termination "normal"]
[Board "4"]
[WhiteElo "1276"]
[BlackElo "1618"]
[WhiteClock "01:09:25"]
[BlackClock "00:41:30"]
[PlyCount "136"]
[WhiteFideId "16287231"]
[BlackFideId "34603280"]
[EventCountry "GER"]
[EventRounds "11"]
[EventType "swiss"]
[EventDate "2021.08.22"]

1. e4 {[%clk 01:15:59]} {[%emt 00:00:02]} c5 {[%clk 01:15:50]} {[%emt
00:00:10]} 2. Nf3 {[%clk 01:16:20]} {[%emt 00:00:09]} e6 {[%clk 01:16:08]}
{[%emt 00:00:11]} 3. Qe2 {[%clk 01:16:43]} {[%emt 00:00:07]} d6 {[%clk
01:11:55]} {[%emt 00:04:44]} 4. c3 {[%clk 01:16:24]} {[%emt 00:00:48]} Nc6
{[%clk 01:09:09]} {[%emt 00:03:17]} 5. g3 {[%clk 01:15:37]} {[%emt 00:01:17]}
g6 {[%clk 01:09:04]} {[%emt 00:00:34]} 6. Bg2 {[%clk 01:15:34]} {[%emt
00:00:33]} Bg7 {[%clk 01:08:23]} {[%emt 00:01:12]} 7. O-O {[%clk 01:15:45]}
{[%emt 00:00:19]} Nge7 {[%clk 01:07:26]} {[%emt 00:01:27]} 8. d3 {[%clk
01:15:56]} {[%emt 00:00:19]} O-O {[%clk 01:05:54]} {[%emt 00:02:03]} 9. Be3
{[%clk 01:15:52]} {[%emt 00:00:33]} b6 {[%clk 01:05:41]} {[%emt 00:00:43]} 10.
Nbd2 {[%clk 01:15:53]} {[%emt 00:00:30]} Bb7 {[%clk 01:05:36]} {[%emt
00:00:36]} 11. h3 {[%clk 01:16:05]} {[%emt 00:00:16]} Qc7 {[%clk 01:05:21]}
{[%emt 00:00:45]} 12. Nh2 {[%clk 01:16:13]} {[%emt 00:00:21]} d5 {[%clk
01:04:48]} {[%emt 00:01:04]} 13. f4 {[%clk 01:15:44]} {[%emt 00:00:59]} d4
{[%clk 01:04:48]} {[%emt 00:00:29]} 14. Bf2 {[%clk 01:15:22]} {[%emt 00:00:51]}
dxc3 {[%clk 01:04:43]} {[%emt 00:00:36]} 15. bxc3 {[%clk 01:15:42]} {[%emt
00:00:10]} Bxc3 {[%clk 01:02:33]} {[%emt 00:02:41]} 16. Rac1 {[%clk 01:16:00]}
{[%emt 00:00:11]} Bg7 {[%clk 01:02:24]} {[%emt 00:00:39]} 17. Nhf3 {[%clk
01:15:29]} {[%emt 00:00:59]} Rad8 {[%clk 00:59:56]} {[%emt 00:02:59]} 18. Nc4
{[%clk 01:14:35]} {[%emt 00:01:24]} Rd7 {[%clk 00:52:10]} {[%emt 00:08:17]} 19.
e5 {[%clk 01:14:44]} {[%emt 00:00:22]} Nf5 {[%clk 00:50:15]} {[%emt 00:02:24]}
20. g4 {[%clk 01:12:18]} {[%emt 00:02:55]} Nfd4 {[%clk 00:50:21]} {[%emt
00:00:25]} 21. Nxd4 {[%clk 01:12:04]} {[%emt 00:00:44]} Nxd4 {[%clk 00:50:34]}
{[%emt 00:00:17]} 22. Bxd4 {[%clk 01:12:01]} {[%emt 00:00:33]} Rxd4 {[%clk
00:50:19]} {[%emt 00:00:45]} 23. Nd6 {[%clk 01:11:52]} {[%emt 00:00:38]} Bxg2
{[%clk 00:50:10]} {[%emt 00:00:40]} 24. Kxg2 {[%clk 01:08:46]} {[%emt
00:03:37]} Rd8 {[%clk 00:49:57]} {[%emt 00:00:42]} 25. Kh2 {[%clk 01:08:58]}
{[%emt 00:00:18]} a6 {[%clk 00:48:47]} {[%emt 00:01:40]} 26. Rf3 {[%clk
01:05:25]} {[%emt 00:04:02]} Bf8 {[%clk 00:48:18]} {[%emt 00:01:00]} 27. Qf2
{[%clk 01:05:01]} {[%emt 00:00:52]} Bxd6 {[%clk 00:48:33]} {[%emt 00:00:16]}
28. exd6 {[%clk 01:04:40]} {[%emt 00:00:52]} Qxd6 {[%clk 00:48:43]} {[%emt
00:00:19]} 29. Rb1 {[%clk 01:05:06]} {[%emt 00:00:05]} b5 {[%clk 00:47:20]}
{[%emt 00:01:53]} 30. Rb3 {[%clk 01:05:15]} {[%emt 00:00:20]} c4 {[%clk
00:47:25]} {[%emt 00:00:25]} 31. Rb2 {[%clk 01:05:25]} {[%emt 00:00:20]} Rxd3
{[%clk 00:46:57]} {[%emt 00:00:58]} 32. Rxd3 {[%clk 01:05:46]} {[%emt
00:00:09]} Qxd3 {[%clk 00:47:14]} {[%emt 00:00:13]} 33. Qb6 {[%clk 01:05:48]}
{[%emt 00:00:27]} Qd4 {[%clk 00:47:25]} {[%emt 00:00:20]} 34. Qxd4 {[%clk
01:05:59]} {[%emt 00:00:19]} Rxd4 {[%clk 00:47:53]} {[%emt 00:00:02]} 35. Kg3
{[%clk 01:06:22]} {[%emt 00:00:06]} Rd3+ {[%clk 00:47:23]} {[%emt 00:01:01]}
36. Kh4 {[%clk 01:06:37]} {[%emt 00:00:16]} Kg7 {[%clk 00:47:47]} {[%emt
00:00:06]} 37. a4 {[%clk 01:06:43]} {[%emt 00:00:23]} Rb3 {[%clk 00:47:56]}
{[%emt 00:00:20]} 38. Rc2 {[%clk 01:06:57]} {[%emt 00:00:17]} h6 {[%clk
00:46:38]} {[%emt 00:01:48]} 39. g5 {[%clk 01:06:10]} {[%emt 00:01:17]} hxg5+
{[%clk 00:46:29]} {[%emt 00:00:39]} 40. fxg5 {[%clk 01:06:18]} {[%emt
00:00:22]} Rb4 {[%clk 00:46:32]} {[%emt 00:00:27]} 41. axb5 {[%clk 01:05:40]}
{[%emt 00:01:08]} axb5 {[%clk 00:46:50]} {[%emt 00:00:13]} 42. Kg3 {[%clk
01:05:50]} {[%emt 00:00:18]} Kf8 {[%clk 00:46:56]} {[%emt 00:00:24]} 43. Kf4
{[%clk 01:06:10]} {[%emt 00:00:10]} Rb3 {[%clk 00:46:40]} {[%emt 00:00:46]} 44.
h4 {[%clk 01:06:31]} {[%emt 00:00:10]} Ke7 {[%clk 00:46:36]} {[%emt 00:00:33]}
45. Rh2 {[%clk 01:05:34]} {[%emt 00:01:27]} c3 {[%clk 00:45:08]} {[%emt
00:01:59]} 46. Ke4 {[%clk 01:05:32]} {[%emt 00:00:31]} Rb2 {[%clk 00:45:14]}
{[%emt 00:00:24]} 47. Rh1 {[%clk 01:05:51]} {[%emt 00:00:11]} Rd2 {[%clk
00:44:21]} {[%emt 00:01:25]} 48. Ke3 {[%clk 01:05:55]} {[%emt 00:00:25]} Kd6
{[%clk 00:44:29]} {[%emt 00:00:22]} 49. Rf1 {[%clk 01:06:07]} {[%emt 00:00:17]}
b4 {[%clk 00:43:59]} {[%emt 00:01:01]} 50. Rxf7 {[%clk 01:06:07]} {[%emt
00:00:30]} b3 {[%clk 00:44:21]} {[%emt 00:00:09]} 51. Rb7 {[%clk 01:06:30]}
{[%emt 00:00:07]} b2 {[%clk 00:44:38]} {[%emt 00:00:13]} 52. h5 {[%clk
01:06:46]} {[%emt 00:00:14]} c2 {[%clk 00:42:21]} {[%emt 00:02:47]} 53. Rxb2
{[%clk 01:06:55]} {[%emt 00:00:21]} Rd3+ {[%clk 00:40:50]} {[%emt 00:02:01]}
54. Kxd3 {[%clk 01:06:46]} {[%emt 00:00:39]} c1=Q {[%clk 00:41:11]} {[%emt
00:00:09]} 55. Rb6+ {[%clk 01:07:06]} {[%emt 00:00:46]} Ke5 {[%clk 00:41:42]}
{[%emt 00:00:22]} 56. hxg6 {[%clk 01:07:19]} {[%emt 00:00:18]} Qd1+ {[%clk
00:41:17]} {[%emt 00:00:55]} 57. Kc4 {[%clk 01:07:33]} {[%emt 00:00:14]} Qd7
{[%clk 00:40:01]} {[%emt 00:01:47]} 58. Rb5+ {[%clk 01:07:20]} {[%emt
00:00:44]} Kf4 {[%clk 00:40:03]} {[%emt 00:00:28]} 59. Rb6 {[%clk 01:07:27]}
{[%emt 00:00:23]} Kxg5 {[%clk 00:39:58]} {[%emt 00:00:35]} 60. g7 {[%clk
01:07:34]} {[%emt 00:00:22]} Qxg7 {[%clk 00:40:26]} {[%emt 00:00:02]} 61. Kd3
{[%clk 01:07:55]} {[%emt 00:00:09]} Kf4 {[%clk 00:40:09]} {[%emt 00:00:47]} 62.
Ke2 {[%clk 01:08:09]} {[%emt 00:00:16]} e5 {[%clk 00:40:14]} {[%emt 00:00:25]}
63. Rb4+ {[%clk 01:08:23]} {[%emt 00:00:14]} e4 {[%clk 00:40:37]} {[%emt
00:00:09]} 64. Kf1 {[%clk 01:08:36]} {[%emt 00:00:17]} Kf3 {[%clk 00:40:23]}
{[%emt 00:00:44]} 65. Rxe4 {[%clk 01:08:04]} {[%emt 00:01:02]} Kxe4 {[%clk
00:40:35]} {[%emt 00:00:19]} 66. Ke2 {[%clk 01:08:30]} {[%emt 00:00:05]} Qg2+
{[%clk 00:40:59]} {[%emt 00:00:05]} 67. Kd1 {[%clk 01:08:56]} {[%emt 00:00:04]}
Kd3 {[%clk 00:41:20]} {[%emt 00:00:08]} 68. Kc1 {[%clk 01:09:25]} {[%emt
00:00:03]} Qc2# {[%clk 00:41:30]} {[%emt 00:00:20]} 0-1

[Event "DEM U10 2021"]
[Site "Willingen GER"]
[Date "2021.08.26"]
[Round "7"]
[White "Payyappat, Sayas"]
[Black "Chua, Daniel James"]
[Result "0-1"]
[Termination "normal"]
[Board "5"]
[WhiteElo "1233"]
[BlackElo "1434"]
[WhiteClock "00:59:47"]
[BlackClock "00:50:10"]
[PlyCount "84"]
[WhiteFideId "25659260"]
[BlackFideId "34608354"]
[EventCountry "GER"]
[EventRounds "11"]
[EventType "swiss"]
[EventDate "2021.08.22"]

1. e4 {[%clk 01:15:57]} {[%emt 00:00:03]} e5 {[%clk 01:15:55]} {[%emt
00:00:05]} 2. Nf3 {[%clk 01:16:24]} {[%emt 00:00:04]} Nc6 {[%clk 01:16:15]}
{[%emt 00:00:09]} 3. d4 {[%clk 01:16:44]} {[%emt 00:00:10]} exd4 {[%clk
01:16:38]} {[%emt 00:00:08]} 4. Bc4 {[%clk 01:16:55]} {[%emt 00:00:19]} Bc5
{[%clk 01:16:50]} {[%emt 00:00:19]} 5. c3 {[%clk 01:16:49]} {[%emt 00:00:36]}
Nf6 {[%clk 01:16:49]} {[%emt 00:00:30]} 6. e5 {[%clk 01:16:46]} {[%emt
00:00:33]} d5 {[%clk 01:17:12]} {[%emt 00:00:06]} 7. Bb3 {[%clk 01:16:21]}
{[%emt 00:00:56]} Ne4 {[%clk 01:15:56]} {[%emt 00:01:47]} 8. cxd4 {[%clk
01:15:58]} {[%emt 00:00:53]} Bb6 {[%clk 01:15:48]} {[%emt 00:00:37]} 9. Nc3
{[%clk 01:15:35]} {[%emt 00:00:53]} Nxc3 {[%clk 01:14:07]} {[%emt 00:02:12]}
10. bxc3 {[%clk 01:15:54]} {[%emt 00:00:11]} h6 {[%clk 01:14:02]} {[%emt
00:00:34]} 11. Ba3 {[%clk 01:16:07]} {[%emt 00:00:17]} Ne7 {[%clk 01:12:41]}
{[%emt 00:01:49]} 12. O-O {[%clk 01:16:07]} {[%emt 00:00:31]} O-O {[%clk
01:12:52]} {[%emt 00:00:20]} 13. Nd2 {[%emt 00:05:02]} Re8 {[%clk 01:11:24]}
{[%emt 00:00:12]} 14. f4 {[%clk 01:13:18]} {[%emt 00:00:31]} Bf5 {[%clk
01:09:36]} {[%emt 00:02:17]} 15. h3 {[%clk 01:12:58]} {[%emt 00:00:52]} Qd7
{[%clk 01:09:50]} {[%emt 00:00:17]} 16. Kh1 {[%clk 01:11:20]} {[%emt 00:02:08]}
Ng6 {[%clk 01:09:02]} {[%emt 00:01:17]} 17. Qe2 {[%clk 01:10:56]} {[%emt
00:00:54]} Re6 {[%clk 01:07:31]} {[%emt 00:02:01]} 18. g4 {[%clk 01:11:04]}
{[%emt 00:00:23]} Nh4 {[%clk 01:05:43]} {[%emt 00:02:18]} 19. Qf2 {[%clk
01:09:38]} {[%emt 00:01:53]} Bd3 {[%clk 01:03:53]} {[%emt 00:02:23]} 20. Rg1
{[%clk 01:08:54]} {[%emt 00:01:10]} Ng6 {[%clk 01:03:46]} {[%emt 00:00:41]} 21.
f5 {[%clk 01:08:48]} {[%emt 00:00:34]} Rxe5 {[%clk 01:04:05]} {[%emt 00:00:10]}
22. fxg6 {[%clk 01:08:37]} {[%emt 00:00:42]} fxg6 {[%clk 01:03:35]} {[%emt
00:01:01]} 23. Qg3 {[%clk 01:08:35]} {[%emt 00:00:31]} Be4+ {[%clk 01:03:33]}
{[%emt 00:00:32]} 24. Nxe4 {[%clk 01:08:44]} {[%emt 00:00:23]} Rxe4 {[%clk
01:03:51]} {[%emt 00:00:11]} 25. Qf3 {[%clk 01:09:04]} {[%emt 00:00:08]} Rae8
{[%clk 01:03:49]} {[%emt 00:00:33]} 26. Rac1 {[%clk 01:07:21]} {[%emt
00:02:13]} c6 {[%clk 01:03:32]} {[%emt 00:00:48]} 27. Rgf1 {[%clk 01:06:14]}
{[%emt 00:01:36]} Re3 {[%clk 01:02:45]} {[%emt 00:01:17]} 28. Qg2 {[%clk
01:06:00]} {[%emt 00:00:44]} Re2 {[%clk 01:03:05]} {[%emt 00:00:10]} 29. Qg3
{[%clk 01:05:50]} {[%emt 00:00:39]} R8e3 {[%clk 01:02:39]} {[%emt 00:00:56]}
30. Qh4 {[%clk 01:05:17]} {[%emt 00:01:03]} Qc7 {[%clk 01:01:54]} {[%emt
00:01:15]} 31. Rf2 {[%clk 01:03:42]} {[%emt 00:02:05]} Rxf2 {[%clk 01:00:41]}
{[%emt 00:01:43]} 32. Qxf2 {[%emt 00:00:14]} Rxh3+ {[%clk 01:00:59]} {[%emt
00:00:09]} 33. Kg1 {[%clk 01:03:50]} {[%emt 00:00:43]} Rg3+ {[%clk 01:01:07]}
{[%emt 00:00:23]} 34. Kf1 {[%clk 01:01:27]} {[%emt 00:02:52]} Rxg4 {[%clk
00:59:05]} {[%emt 00:02:32]} 35. Qf8+ {[%clk 01:01:48]} {[%emt 00:00:10]} Kh7
{[%clk 00:59:21]} {[%emt 00:00:13]} 36. Bd6 {[%clk 01:02:16]} {[%emt 00:00:02]}
Qd7 {[%clk 00:55:31]} {[%emt 00:04:17]} 37. Re1 {[%clk 01:01:35]} {[%emt
00:01:11]} Rg5 {[%clk 00:52:41]} {[%emt 00:03:22]} 38. Re7 {[%clk 00:59:56]}
{[%emt 00:02:10]} Qh3+ {[%clk 00:49:05]} {[%emt 00:04:04]} 39. Ke2 {[%clk
00:59:08]} {[%emt 00:01:18]} Rg2+ {[%clk 00:49:30]} {[%emt 00:00:06]} 40. Kd1
{[%clk 00:59:15]} {[%emt 00:00:23]} Qd3+ {[%clk 00:49:48]} {[%emt 00:00:13]}
41. Kc1 {[%clk 00:59:23]} {[%emt 00:00:22]} Qd2+ {[%clk 00:50:10]} {[%emt
00:00:07]} 42. Kb1 {[%clk 00:59:47]} {[%emt 00:00:07]} Qb2# 0-1

[Event "DEM U10 2021"]
[Site "Willingen GER"]
[Date "2021.08.26"]
[Round "7"]
[White "Fadeev, Justin Michael"]
[Black "Mandalka, Justus"]
[Result "1/2-1/2"]
[Termination "normal"]
[Board "6"]
[WhiteElo "1323"]
[BlackElo "1440"]
[WhiteClock "00:34:02"]
[BlackClock "00:41:28"]
[PlyCount "131"]
[WhiteFideId "34602968"]
[BlackFideId "16298144"]
[EventCountry "GER"]
[EventRounds "11"]
[EventType "swiss"]
[EventDate "2021.08.22"]

1. e4 {[%clk 01:15:57]} {[%emt 00:00:02]} c5 {[%clk 01:15:53]} {[%emt
00:00:08]} 2. Nf3 {[%clk 01:16:14]} {[%emt 00:00:13]} Nc6 {[%clk 01:16:15]}
{[%emt 00:00:09]} 3. d4 {[%clk 01:16:16]} {[%emt 00:00:27]} cxd4 {[%clk
01:16:38]} {[%emt 00:00:07]} 4. Nxd4 {[%clk 01:16:21]} {[%emt 00:00:25]} g6
{[%clk 01:16:57]} {[%emt 00:00:12]} 5. Nc3 {[%clk 01:15:46]} {[%emt 00:01:05]}
Bg7 {[%clk 01:17:20]} {[%emt 00:00:07]} 6. Be3 {[%clk 01:15:53]} {[%emt
00:00:22]} Nf6 {[%clk 01:17:42]} {[%emt 00:00:07]} 7. Bc4 {[%clk 01:15:39]}
{[%emt 00:00:45]} O-O {[%clk 01:18:01]} {[%emt 00:00:10]} 8. Bb3 {[%clk
01:15:21]} {[%emt 00:00:49]} d5 {[%clk 01:18:12]} {[%emt 00:00:18]} 9. exd5
{[%clk 01:14:53]} {[%emt 00:00:59]} Na5 {[%clk 01:18:35]} {[%emt 00:00:07]} 10.
Qd2 {[%clk 01:14:37]} {[%emt 00:00:45]} Nxb3 {[%clk 01:18:48]} {[%emt
00:00:18]} 11. Nxb3 {[%clk 01:14:55]} {[%emt 00:00:11]} b6 {[%clk 01:17:52]}
{[%emt 00:01:27]} 12. O-O-O {[%clk 01:14:00]} {[%emt 00:01:25]} Bf5 {[%clk
01:16:05]} {[%emt 00:02:17]} 13. f3 {[%clk 01:12:48]} {[%emt 00:01:42]} Rc8
{[%clk 01:15:10]} {[%emt 00:01:26]} 14. g4 {[%clk 01:12:07]} {[%emt 00:01:10]}
Bd7 {[%clk 01:15:01]} {[%emt 00:00:39]} 15. h4 {[%clk 01:11:00]} {[%emt
00:01:36]} h5 {[%clk 01:13:44]} {[%emt 00:01:48]} 16. Bh6 {[%clk 01:07:59]}
{[%emt 00:03:31]} b5 {[%clk 01:11:39]} {[%emt 00:02:35]} 17. Ne2 {[%clk
01:03:05]} {[%emt 00:05:23]} Qc7 {[%clk 01:09:18]} {[%emt 00:02:51]} 18. Ned4
{[%clk 00:57:05]} {[%emt 00:06:31]} Rfd8 {[%clk 01:01:48]} {[%emt 00:08:00]}
19. Rhg1 {[%clk 00:54:28]} {[%emt 00:03:07]} Be8 {[%clk 00:59:55]} {[%emt
00:02:24]} 20. gxh5 {[%clk 00:53:23]} {[%emt 00:01:34]} Nxh5 {[%clk 00:59:46]}
{[%emt 00:00:38]} 21. Bxg7 {[%clk 00:53:32]} {[%emt 00:00:22]} Kxg7 {[%clk
00:59:51]} {[%emt 00:00:24]} 22. Rxg6+ {[%clk 00:52:47]} {[%emt 00:01:15]} fxg6
{[%clk 00:58:47]} {[%emt 00:01:35]} 23. Ne6+ {[%clk 00:53:06]} {[%emt
00:00:11]} Kg8 {[%clk 00:59:03]} {[%emt 00:00:13]} 24. Nxc7 {[%clk 00:53:14]}
{[%emt 00:00:23]} Rxc7 {[%clk 00:59:03]} {[%emt 00:00:30]} 25. Qg5 {[%clk
00:52:03]} {[%emt 00:01:39]} Bf7 {[%clk 00:57:55]} {[%emt 00:01:39]} 26. d6
{[%clk 00:51:51]} {[%emt 00:00:43]} Rcd7 {[%clk 00:57:26]} {[%emt 00:01:00]}
27. Nc5 {[%clk 00:51:50]} {[%emt 00:00:30]} Rxd6 {[%clk 00:57:18]} {[%emt
00:00:38]} 28. Rxd6 {[%clk 00:52:09]} {[%emt 00:00:12]} Rxd6 {[%clk 00:57:37]}
{[%emt 00:00:10]} 29. Qxe7 {[%clk 00:52:05]} {[%emt 00:00:34]} Rd5 {[%clk
00:57:12]} {[%emt 00:00:55]} 30. Ne4 {[%clk 00:50:30]} {[%emt 00:02:05]} Kg7
{[%clk 00:55:36]} {[%emt 00:02:05]} 31. Ng5 {[%clk 00:49:56]} {[%emt 00:01:04]}
Rf5 {[%clk 00:55:24]} {[%emt 00:00:42]} 32. Ne6+ {[%clk 00:47:14]} {[%emt
00:03:12]} Kh7 {[%clk 00:53:58]} {[%emt 00:01:56]} 33. Ng5+ {[%clk 00:46:05]}
{[%emt 00:01:40]} Kg7 {[%clk 00:54:19]} {[%emt 00:00:08]} 34. Nxf7 {[%clk
00:45:46]} {[%emt 00:00:49]} Rxf7 {[%clk 00:54:41]} {[%emt 00:00:08]} 35. Qe5+
{[%clk 00:41:01]} {[%emt 00:05:15]} Kh6 {[%clk 00:53:16]} {[%emt 00:01:55]} 36.
Qxb5 {[%clk 00:39:59]} {[%emt 00:01:32]} Rxf3 {[%clk 00:52:31]} {[%emt
00:01:15]} 37. c4 {[%clk 00:39:34]} {[%emt 00:00:56]} Nf4 {[%clk 00:51:33]}
{[%emt 00:01:26]} 38. Qg5+ {[%clk 00:39:17]} {[%emt 00:00:48]} Kh7 {[%clk
00:51:07]} {[%emt 00:00:54]} 39. Qe7+ {[%clk 00:39:19]} {[%emt 00:00:30]} Kh6
{[%clk 00:51:20]} {[%emt 00:00:16]} 40. Qe4 {[%clk 00:38:05]} {[%emt 00:01:44]}
Rf2 {[%clk 00:51:04]} {[%emt 00:00:46]} 41. Qe3 {[%clk 00:37:33]} {[%emt
00:01:02]} Kg7 {[%clk 00:47:28]} {[%emt 00:04:06]} 42. Qxa7+ {[%clk 00:37:24]}
{[%emt 00:00:40]} Kg8 {[%clk 00:47:40]} {[%emt 00:00:18]} 43. Qb8+ {[%clk
00:36:45]} {[%emt 00:01:09]} Kf7 {[%clk 00:47:10]} {[%emt 00:00:59]} 44. Qa7+
{[%clk 00:37:00]} {[%emt 00:00:16]} Ke6 {[%clk 00:47:23]} {[%emt 00:00:17]} 45.
Qb6+ {[%clk 00:36:54]} {[%emt 00:00:37]} Kd7 {[%clk 00:47:40]} {[%emt
00:00:12]} 46. Qxf2 {[%clk 00:36:35]} {[%emt 00:00:50]} Nd3+ {[%clk 00:48:05]}
{[%emt 00:00:05]} 47. Kd2 {[%clk 00:36:56]} {[%emt 00:00:09]} Nxf2 {[%clk
00:48:29]} {[%emt 00:00:05]} 48. Ke2 {[%clk 00:36:52]} {[%emt 00:00:34]} Ng4
{[%clk 00:48:14]} {[%emt 00:00:44]} 49. Kf3 {[%clk 00:36:52]} {[%emt 00:00:32]}
Ne5+ {[%clk 00:48:36]} {[%emt 00:00:07]} 50. Kf4 {[%clk 00:37:15]} {[%emt
00:00:07]} Ke6 {[%clk 00:48:19]} {[%emt 00:00:45]} 51. Kg5 {[%clk 00:37:09]}
{[%emt 00:00:38]} Nf3+ {[%clk 00:48:01]} {[%emt 00:00:48]} 52. Kxg6 {[%clk
00:36:59]} {[%emt 00:00:39]} Nxh4 {[%clk 00:48:24]} {[%emt 00:00:07]} 53. Kg5
{[%clk 00:37:25]} {[%emt 00:00:05]} Ng2 {[%clk 00:46:30]} {[%emt 00:02:25]} 54.
b3 {[%clk 00:36:08]} {[%emt 00:01:46]} Ke5 {[%clk 00:44:36]} {[%emt 00:02:24]}
55. a4 {[%clk 00:35:44]} {[%emt 00:00:55]} Nf4 {[%clk 00:42:59]} {[%emt
00:02:06]} 56. a5 {[%clk 00:35:35]} {[%emt 00:00:39]} Ne6 {[%clk 00:42:51]}
{[%emt 00:00:38]} 57. Kg4 {[%clk 00:35:56]} {[%emt 00:00:09]} Nc7 {[%clk
00:42:57]} {[%emt 00:00:23]} 58. Kg5 {[%clk 00:34:02]} {[%emt 00:02:25]} Kd4
{[%clk 00:42:24]} {[%emt 00:01:03]} 59. Kf4 {[%clk 00:34:12]} {[%emt 00:00:21]}
Kc3 {[%clk 00:40:25]} {[%emt 00:02:28]} 60. Ke5 {[%clk 00:34:04]} {[%emt
00:00:38]} Kxb3 {[%clk 00:40:11]} {[%emt 00:00:42]} 61. c5 {[%clk 00:32:38]}
{[%emt 00:01:58]} Kb4 {[%clk 00:39:58]} {[%emt 00:00:43]} 62. Kd6 {[%clk
00:32:48]} {[%emt 00:00:20]} Na6 {[%clk 00:40:20]} {[%emt 00:00:08]} 63. c6
{[%clk 00:33:05]} {[%emt 00:00:14]} Kxa5 {[%clk 00:40:43]} {[%emt 00:00:07]}
64. Ke6 {[%clk 00:33:13]} {[%emt 00:00:21]} Kb6 {[%clk 00:41:04]} {[%emt
00:00:09]} 65. Kd6 {[%clk 00:33:36]} {[%emt 00:00:07]} Nc7 {[%clk 00:41:28]}
{[%emt 00:00:06]} 66. Kd7 {[%clk 00:34:02]} {[%emt 00:00:05]} 1/2-1/2